000 00739nam a2200289Ia 4500
005 20260324141504.0
008 008 260324s9999 xx 000 0 eng d
020 _a9780203449776
037 _aEBOOK
040 _aCRL
040 _beng
040 _cCRL
041 _2eng
041 _aeng
084 _qCRL
100 _aHans Keman; Jan W. van Deth
_91208380
245 0 _aPrivate Groups and Public Life
245 0 _bSocial Participation and Political Involvement in Representative Democracies
260 _bTaylor and Francis
260 _c1997
365 _a
365 _b300
856 _uhttp://www.taylorfrancis.com/books/9780203449776
942 _cEBOOK
999 _c1811528
_d1811528